00501nam a2200193 a 4500001001300000003000900013005001700022008004100039020002300080082001300103100001900116245003300135260003700168300000900205500003500214505002600249650001300275700001900288nice12345678IN_TiNIC20260116014347.0100329s2005 seca grp 000 0 eng  a9798173626479c27500a266bTUC aTucker, Ruth A aFrom Jerusalem to Irian Jaya aSec-Bad bAuthentic Books c2005 a493p aincludes index and biblioraphy2 aBibliography, Indices aMissions1 aTucker, Ruth A